Zmiennosc i instytucjonalizacja stosunków miedzynarodowych

Gespeichert in:
Bibliographische Detailangaben
Weitere Verfasser: Kukulka, Józef
Format: Buch
Sprache:Polnisch
Veröffentlicht: Warszawa Wyd. Naukowe 1988
Ausgabe:1. wyd.
Tags: Tag hinzufügen
Keine Tags, Fügen Sie das erste Tag hinzu!

MARC

LEADER 00000nam a2200000 4500
001 c034155
005 20221219123849.1
041 0 |a pol 
044 |a PL 
245 1 0 |a Zmiennosc i instytucjonalizacja stosunków miedzynarodowych  |c Red. Józef Kukulka 
250 |a 1. wyd. 
264 1 |a Warszawa  |b Wyd. Naukowe  |c 1988 
300 |a 465 s. 
700 1 |a Kukulka, Józef